Logo Biblioteca

Crónica de una muerte anunciada / (Registro nro. 893)

Detalles MARC
000 -LEADER
fixed length control field 01838nam a22002417a 4500
003 - CONTROL NUMBER IDENTIFIER
control field AR-RoUNCS
005 - DATE AND TIME OF LATEST TRANSACTION
control field 20260209151103.0
008 - FIXED-LENGTH DATA ELEMENTS--GENERAL INFORMATION
fixed length control field 100317s2001 ag gr 000 f spa
015 ## - NATIONAL BIBLIOGRAPHY NUMBER
National bibliography number AR-2001
020 ## - INTERNATIONAL STANDARD BOOK NUMBER
International Standard Book Number 950-07-0428-5
040 ## - CATALOGING SOURCE
Original cataloging agency AR-BaBN
Language of cataloging spa
Transcribing agency AR-RoUNCS
Description conventions aacr
044 ## - COUNTRY OF PUBLISHING/PRODUCING ENTITY CODE
MARC country code ag
ISO country code ar-c
080 1# - UNIVERSAL DECIMAL CLASSIFICATION NUMBER
Universal Decimal Classification number 82-32(862)
Edition identifier 2016
100 1# - MAIN ENTRY--PERSONAL NAME
Personal name García Márquez, Gabriel,
Dates associated with a name 1927-2014
Relator term autor
Relationship aut
245 10 - TITLE STATEMENT
Title Crónica de una muerte anunciada /
Statement of responsibility, etc. Gabriel García Márquez.
250 ## - EDITION STATEMENT
Edition statement 16 ed.
260 ## - PUBLICATION, DISTRIBUTION, ETC.
Place of publication, distribution, etc. Buenos Aires :
Name of publisher, distributor, etc. Sudamericana,
Date of publication, distribution, etc. 2001.
300 ## - PHYSICAL DESCRIPTION
Extent 190 p. ;
Dimensions 20cm.
520 3# - SUMMARY, ETC.
Summary, etc. Acaso sea Crónica de una muerte anunciada la obra más «realista» de Gabriel García Márquez, pues se basa en un hecho histórico acontecido en la tierra natal del escritor. Cuando empieza la novela, ya se sabe que los hermanos Vicario van a matar a Santiago Nasar -de hecho, ya le han matado- para vengar el honor ultrajado de su hermana Ángela, pero el relato termina precisamente en el momento en que Santiago Nasar muere. El tiempo cíclico, tan utilizado por García Márquez en sus obras, reaparece aquí minuciosamente descompuesto en cada uno de sus momentos, reconstruido prolija y exactamente por el narrador, que va dando cuenta de lo que sucedió mucho tiempo atrás, que avanza y retrocede en su relato y hasta llega mucho tiempo después para contar el destino de los supervivientes. La acción es, a un tiempo, colectiva y personal, clara y ambigua, y atrapa al lector desde un principio, aunque este conozca el desenlace de la trama. La dialéctica entre mito y realidad se ve potenciada aquí, una vez más, por una prosa tan cargada de fascinación que la eleva hasta las fronteras de la leyenda.
Assigning source (Descripción del editor).
650 #7 - SUBJECT ADDED ENTRY--TOPICAL TERM
Source of heading or term embne
Topical term or geographic name entry element Literatura colombiana
655 #7 - INDEX TERM--GENRE/FORM
Genre/form data or focus term Novelas cortas
Source of term embne
942 ## - ADDED ENTRY ELEMENTS (KOHA)
Source of classification or shelving scheme Universal Decimal Classification
Koha item type Libro de préstamo a domicilio
Suppress in OPAC No
Existencias
Withdrawn status Lost status Source of classification or shelving scheme Damaged status Not for loan Collection Home library Current library Date acquired Source of acquisition Total checkouts Full call number Barcode Date last seen Price effective from Koha item type
    Universal Decimal Classification     Colección General Biblioteca Escuela de Ciencias Sociales Biblioteca Escuela de Ciencias Sociales 09/02/2026 Donación 2023   82-32(862) G216 000549 09/02/2026 09/02/2026 Libro de préstamo a domicilio
Biblioteca de la Escuela Preuniversitaria en Ciencias Sociales y Humanísticas.
Riobamba 250 bis.
CP 2000 - Rosario - Santa Fe
E-Mail: biblioteca@esociales.unr.edu.ar